|
|
|
|
| LEADER |
00947nam2a22002775004500 |
| 001 |
888 |
| 003 |
BD-DhAAL |
| 008 |
151004s2006iiab0010engd |
| 010 |
|
|
|a 78906121
|
| 020 |
|
|
|a 8022001351
|
| 020 |
|
|
|a 818712573X
|
| 040 |
|
|
|a DLC
|c DLC
|d DLC
|d BD-DhAAL
|
| 082 |
0 |
0 |
|a 330.91724
|2 22
|
| 100 |
1 |
|
|a Jhingan, M. L.
|9 15111
|
| 245 |
1 |
4 |
|a The economics of development and planning
|b with special reference to India
|c M. L. Jhingan.
|
| 250 |
|
|
|a 22nd rev. ed.
|
| 260 |
|
|
|a New Delhi
|b Vrinda,
|c 1989.
|
| 300 |
|
|
|a xviii, 909 p. :
|b ill. ;
|c 22 cm.
|
| 500 |
|
|
|a Includes bibliographical references and index.
|
| 541 |
1 |
|
|e 888
|
| 650 |
0 |
|
|a Economic development.
|9 15112
|
| 650 |
0 |
|
|a Economic policy.
|9 15113
|
| 651 |
0 |
|
|a India
|x Economic policy.
|9 15114
|
| 942 |
|
|
|2 ddc
|c BK
|
| 999 |
|
|
|c 35681
|d 35681
|
| 952 |
|
|
|0 0
|1 0
|2 ddc
|4 0
|6 330_917240000000000_JHI
|7 0
|9 56108
|a SCL
|b SCL
|c GEN
|d 2015-10-04
|g 65.00
|l 0
|o 330.91724 JHI
|p 3020000888
|r 2015-10-04
|t 1
|w 2015-10-04
|y BK
|